Lala Lajpat Rai; the man in his own words. (Record no. 88220)

MARC details
000 -LEADER
fixed length control field 00651nam a2200217 4500
001 - CONTROL NUMBER
control field sa 68018174
003 - CONTROL NUMBER IDENTIFIER
control field DLC
005 - DATE AND TIME OF LATEST TRANSACTION
control field 20260227112709.0
008 - FIXED-LENGTH DATA ELEMENTS--GENERAL INFORMATION
fixed length control field 711210s1965 ii c b 000 0aeng
010 ## - LIBRARY OF CONGRESS CONTROL NUMBER
LC control number sa 68018174
025 ## - OVERSEAS ACQUISITION NUMBER
Overseas acquisition number PL480:I-E-10552
040 ## - CATALOGING SOURCE
Original cataloging agency DLC
Transcribing agency DLC
Modifying agency DLC
050 00 - LIBRARY OF CONGRESS CALL NUMBER
Classification number DS479.1.L27
Item number A2 1965
100 0# - MAIN ENTRY--PERSONAL NAME
Personal name Lajpat Rai,
Titles and words associated with a name Lala,
Dates associated with a name 1865-1928.
245 10 - TITLE STATEMENT
Title Lala Lajpat Rai; the man in his own words.
260 ## - PUBLICATION, DISTRIBUTION, ETC.
Place of publication, distribution, etc. [Bombay]
Name of publisher, distributor, etc. The Maharashtra State Lajpatrai Centenary Committee,
Date of publication, distribution, etc. 1965.
300 ## - PHYSICAL DESCRIPTION
Extent xi, 241 p.
Other physical details port.
Dimensions 19 cm.
350 ## - PRICE (NR) (BK AM CF MU VM SE) [OBSOLETE]
Price 4.10
504 ## - BIBLIOGRAPHY, ETC. NOTE
Bibliography, etc. note Bibliographical footnotes.
600 00 - SUBJECT ADDED ENTRY--PERSONAL NAME
Personal name Lajpat Rai,
Titles and other words associated with a name Lala,
Dates associated with a name 1865-1928.

No items available.

Powered by Koha